000 00507nam a2200169Ia 4500
008 240729s9999 xx 000 0 und d
022 _a1895-1171
245 0 _aAdvances in Cognitive Psychology
260 _aPoland
260 _bUniversity of Economics and Human Sciences in Warsaw
650 _a Consciousness. Cognition
650 _a Psychology
650 _aPhilosophy. Psychology. Religion
856 _uhttps://doaj.org/toc/08049fe2793049efa8fc932bc0ec08d3
942 _2ddc
942 _cDOAJEJ
999 _c72014
_d72014
945 _a1
_bMadushi Gamage
_c1
_dMadushi Gamage